1046 1302 1344 1744 1133 1983 1601 1844 1797 1748 1462 1524 1260 1298 1245 1715 1016 1563 1226 1960 1333 1700 1111 1677 1934 1162 1568 1847 1690 1923 1664 1227 1654 1040 1096 1240 1943 1364 1484 1963 1465 1814 1811 1862 1805 1435 1422 1148 1452 1957 1189 1979 1136 1185 1383 1037 1272 1882 1511 1583 1528 1785 1681 1025 1121 1681 1177 1442 1001 1935 1776 1233 1824 1131 1859 1651 1733 1335 1367 1545 1341 1800 1886 1834 1870 1273 1741 1693 1622 1899 1538 1866 1984 1683 1561 1840 1455 1422 1881 BCNSPRNW ULIB Ver.6.0+V

เปลี่ยนเป็นภาษาไทย

Change to English
 แสดงรายละเอียดบรรณานุกรม
  กลับหน้าหลัก

Brief Record : Get Marc (ISO 2709) : E-mail record : QR code < ปิดหน้าต่าง
LEADER : 00000nam 2200000uu 4500
001    13399113807
003     ULIB
008    120106s2554||||th 000 0 tha d
020    ^a9786160603725
090    ^aนว.^bฌ111ว
100 0  ^aฌามิวอาห์
245 00 ^aวิวาห์ปรารถนา/^cฌามิวอาห์
250    ^aพิมพ์ครั้งที่ 2
260    ^aกรุงเทพฯ :^bแจ่มใส,^c2554
300    ^a390 หน้า
995    ^aเกษร
999    ^aใช้งานได้ทุกระบบ
รายการนี้ยังไม่มีแท็ก
คุณยังไม่ได้ล็อกอิน คุณสามารถมีกิจกรรมร่วมกับเว็บไซต์ได้ แต่ต้องล็อกอินก่อน ::
  ล็อกอิน

รายการสื่อสารสนเทศ

ลำดับที่ ประเภท เลขเรียก/บาร์โค้ด สถานที่ สถานะ
- ไม่พบข้อมูล -

รายการใกล้เคียง
    ผู้แต่ง [ฌามิวอาห์]

BibComment


ยังไม่เคยถูกคอมเมนท์

คอมเมนท์ทรัพยากรรายการนี้
  คอมเมนท์: วิวาห์ปรารถนา ฌา..


 Copyright 2026. Bcnsprnw @Library